000 00664nam a22001811a 4500
001 5808
003 OSt
005 20260204212029.0
008 060211s1997||||dr ||||||b||||||||||spa||
050 _aRD 364.168 R299l
110 _aRepública Dominicana
245 _aLey No.312 que establece un interés legal y convencional y sanciona el delito de ulsura, ley No.4290 sobre préstamos de menor cuantía y sus modificaciones y ley No.387 sobre compra - venta o empeño y sus modificaciones
264 _aSanto Domingo : Congreso Nacional
300 _a12 p
500 _aDonado
650 _a1.Usura - Delito 2.Ley No.312 3.Ley 429 4.Ley 387Ì
942 _2ddc
_cBK
999 _c5808
_d5808